00273nam a2200109Ia 4500008004100000100001800041245003900059260002700098650001400125942000700139999001700146190216s9999||||xx |||||||||||||| ||und|| aKushwat Singh 4aThe Voice Of God And Other Stories bJaico Publishing House aMalayalam cBK c12392d12392